Normal view
MARC view
Entry Personal Name
001 - CONTROL NUMBER
- control field: 8142
003 - CONTROL NUMBER IDENTIFIER
- control field: OSt
005 - DATE AND TIME OF LATEST TRANSACTION
- control field: 20190812122532.0
008 - FIXED-LENGTH DATA ELEMENTS
- fixed length control field: 190812|| aca||aabn | a|a d
040 ## - CATALOGING SOURCE
- Original cataloging agency: OSt
- Transcribing agency: OSt
100 ## - HEADING--PERSONAL NAME
- Personal name: Pathak, Devendra Prasad
670 ## - SOURCE DATA FOUND
- Source citation: Work cat.: (OSt): Pathak, Devendra Prasad, Use of factor analysis scores in logistic regression model for predicting chances of adoption of e-payment system by the users of smart phones, 2019
